Poradnik dla handlujacych z zagranica. 11.

Doprava tovarov po železnici. Dopravná zmluva. Medzinárodný nákladny list (CIM), na ktorom železnica potvrdí prijatie zásielky. Škody, ktoré znáša odosielateľ tovaru. Medzinárodná doprava v kontajneroch v Európe. Organizácia Intercontainer a jej význam pre dopravu. Nemecký a španielsky text Medzinár...

Descrizione completa

Salvato in:
Dettagli Bibliografici
Autore principale: Marciniak-Neider, D.
Natura: Capitolo di libro
Lingua:polacco
Soggetti:
Tags: Aggiungi Tag
Nessun Tag, puoi essere il primo ad aggiungerne!!

MARC

LEADER 00000naa a2200000 4500
001 r012447
005 20220826093635.4
041 0 |a pol 
044 |a PL 
245 1 0 |a Poradnik dla handlujacych z zagranica. 11.  |c D. Marciniak-Neider 
520 |a Doprava tovarov po železnici. Dopravná zmluva. Medzinárodný nákladny list (CIM), na ktorom železnica potvrdí prijatie zásielky. Škody, ktoré znáša odosielateľ tovaru. Medzinárodná doprava v kontajneroch v Európe. Organizácia Intercontainer a jej význam pre dopravu. Nemecký a španielsky text Medzinárodného nákladného listu. Prevoz tovarov nákladnou dopravou po mori. Prevoz tovarov leteckou dopravou. 
610 2 0 |a doprava železničná nákladná 
610 2 0 |a zmluvy prepravné 
610 2 0 |a doprava medzinárodná 
610 2 0 |a Intercontainer 
610 2 0 |a doprava námorná 
610 2 0 |a doprava letecká nákladná 
610 2 0 |a CIM 
610 2 0 |a predpisy právne 
100 1 |a Marciniak-Neider, D.